Famous People with Animals in Their Names Quiz Stats

 Plays Quiz Updated Jun 8, 2017

Support Sporcle.
Go Orange.
Score 0/18 Timer 05:00
1 Play Today
% Correct
TIGER Woods
94.5%
Michael J. FOX
93.5%
BEAR Grylls
89%
Sheryl CROW
88.9%
NEWT Gingrich
77.7%
Tony HAWK
75.9%
Taylor SWIFT
74.5%
John COUGAR Mellencamp
73.8%
WOLF Blitzer
73.4%
% Correct
ROBIN Williams
72.5%
BUFFALO Bill Cody
71.8%
CAT Deeley
71.3%
Adam ANT
66.6%
Samantha BEE
60.6%
SEAL
56.9%
Mike TROUT
53.9%
Bob CRANE
53%
Lance BASS
49.7%

You're not logged in!

Compare scores with friends on all Sporcle quizzes.
OR
Log In
Forgot?

From the Vault

ABBA Albums

by gris379

ABBA: Guilty pleasure or just guilty?
Remove Ads.
Support Sporcle.
Get the best of Sporcle when you Go Orange. This ad-free experience offers more features, more stats, and more fun while also helping to support Sporcle. Thank you for becoming a member.

Show Comments

Extras

Top Quizzes Today


Score Distribution

Your Account Isn't Verified!

In order to create a playlist on Sporcle, you need to verify the email address you used during registration. Go to your Sporcle Settings to finish the process.

Report this User

Report this user for behavior that violates our Community Guidelines.

Details: